Housing (Record no. 108636)
[ view plain ]
| 000 -LEADER | |
|---|---|
| fixed length control field | 01593cad a22002415a 4500 |
| 001 - CONTROL NUMBER | |
| control field | L144869 |
| 008 - FIXED-LENGTH DATA ELEMENTS--GENERAL INFORMATION | |
| fixed length control field | 080815e20080814xxk f 000 0 eng d |
| 035 ## - SYSTEM CONTROL NUMBER | |
| System control number | (Sirsi) u144869 |
| 041 0# - LANGUAGE CODE | |
| Language code of text/sound track or separate title | eng |
| 050 04 - LIBRARY OF CONGRESS CALL NUMBER | |
| Classification number | 346.4104342 $2 18 |
| 110 2# - MAIN ENTRY--CORPORATE NAME | |
| Corporate name or jurisdiction name as entry element | The Law Commission |
| 9 (RLIN) | 3306 |
| 245 00 - TITLE STATEMENT | |
| Title | Housing |
| Remainder of title | encouraging responsible letting |
| Medium | [electronic resource] |
| 260 ## - PUBLICATION, DISTRIBUTION, ETC. | |
| Place of publication, distribution, etc. | London |
| Name of publisher, distributor, etc. | The Law Comission |
| Date of publication, distribution, etc. | 2008 |
| 505 2# - FORMATTED CONTENTS NOTE | |
| Formatted contents note | Introduction -- The case for change -- Changing approaches to regulation -- Options for change -- Responses to the consultation paper: a summary -- Ensuring responsible letting: recommendations -- Appendix a: respondents to consultation paper -- Appendix b: analysis of responses to the consultation paper |
| 520 ## - SUMMARY, ETC. | |
| Summary, etc. | Seeks to identify and and address challenges to the privately rented sector through regulatory reform. The report proposes a series of phased reforms through the use of smart regulation, where voluntary participation in schemes to raise the status of the sector is preferred to direct changes to regulation. While the option of significant regulatory reform will be left open, it is believed that there are enough tangible benefits for both landlords and tenants to be achieved through support for new and existing voluntary agreements. |
| 520 ## - SUMMARY, ETC. | |
| Summary, etc. | Consultation paper can also be viewed (L138842). |
| 521 ## - TARGET AUDIENCE NOTE | |
| Target audience note | Advanced |
| 590 ## - LOCAL NOTE (RLIN) | |
| Local note | KA NTK |
| 651 #4 - SUBJECT ADDED ENTRY--GEOGRAPHIC NAME | |
| Geographic name | England and Wales |
| Chronological subdivision | 1543- |
| 690 ## - LOCAL SUBJECT ADDED ENTRY--TOPICAL TERM (OCLC, RLIN) | |
| Topical term or geographic name as entry element | Residential property |
| 9 (RLIN) | 6266 |
| 856 40 - ELECTRONIC LOCATION AND ACCESS | |
| Uniform Resource Identifier | <a href="https://www.lawcom.gov.uk/lc_reports.htm">https://www.lawcom.gov.uk/lc_reports.htm</a> |
| Public note | View the item free of charge online at www.lawcom.gov.uk... |
| 942 ## - ADDED ENTRY ELEMENTS (KOHA) | |
| Suppress in OPAC | 0 |
| Withdrawn status | Lost status | Source of classification or shelving scheme | Damaged status | Not for loan | Home library | Current library | Shelving location | Date acquired | Total Checkouts | Full call number | Barcode | Date last seen | Copy number | Price effective from | Koha item type |
|---|---|---|---|---|---|---|---|---|---|---|---|---|---|---|---|
| Dewey Decimal Classification | Virtual | Virtual | Online | 15/08/2008 | ONLINE PUBLICATION | 144869-1001 | 06/08/2019 | 1 | 06/08/2019 | Book |